| 000 | 00729nam a2200181 a 4500 | ||
|---|---|---|---|
| 008 | 100118s2003 ||||||||||||||||| || u | ||
| 020 | _a9780521876254 | ||
| 050 | _aBC 71 Des | ||
| 100 | _aBaader, Franz | ||
| 245 | 1 | 4 |
_aThe description logic handbook: theory, implementation and applications. -- 2nd ed. _cedited by Franz Baader...[and others] |
| 250 | _a2nd ed. | ||
| 260 |
_aCambridge _bCambridge University Press _c2003 |
||
| 300 | _axix, 601p.: ill | ||
| 350 | _a0.00 | ||
| 650 | 7 |
_aSCIENCE _2fast |
|
| 650 | _aDESCRIPTION LOGICS--HANDBOOKS, MANUALS | ||
| 995 |
_D0.00 _FCBU-MAIN LIBRARY (Kitwe) _H1 _I0.00 _M1 _UAVAILABLE _WFeb 22, 2010 _ZMain Library Open Access Collection |
||
| 999 |
_c39639 _d39639 |
||